Представление документа в формате MARC21

Поле Инд. ПП Название Значение
Тип записи a
Библиографический уровень b
001 Контрольный номер RU/IS/BASE/267793912
005 Дата корректировки 20200522191237.1
008 Кодируемые данные 20080626
040 b Код языка каталог. rus
e Правила каталог. PSBO
041 0_ a Код языка текста rus
084 a Индекс другой классификации/Индекс ББК 81.411.2-2
100 1_ a Автор Судзуки Р.
245 10 a Заглавие Поле количественности и "параметрические предлоги" в русском языке
504 a Библиография Библиогр.: с. 155
650 04 a Основная рубрика грамматика
a Основная рубрика русский язык
a Основная рубрика филологические науки
a Основная рубрика частное языкознание
a Основная рубрика языкознание
653 1_ a Ключевые слова количественность
a Ключевые слова параметрические существительные
a Ключевые слова предлоги
a Ключевые слова словоформы
a Ключевые слова функциональная грамматика
773 08 t Заглавие источника Вестник Московского университета. Серия 9, Филология
d Дата издания источника 2007
g Прочая информация № 5. - С. 148 - 155
w Контрольный № источника RU/IS/BASE/261756274
901 t Тип документа b